Fundamentos de matemática universitaria
Bewaard in:
| Hoofdauteur: | |
|---|---|
| Formaat: | Boek |
| Taal: | Spaans |
| Gepubliceerd in: |
Ciudad de México
Pearson Educación
2006
|
| Editie: | 1a. ed |
| Onderwerpen: | |
| Tags: |
Voeg label toe
Geen labels, Wees de eerste die dit record labelt!
|
MARC
| LEADER | 00000nam a2200000 a 4500 | ||
|---|---|---|---|
| 001 | UCK9410 | ||
| 003 | CL-VaPUC | ||
| 008 | 060512e20060000MX |||||||||||||||||spa|d | ||
| 020 | |a 9702607027 | ||
| 082 | 0 | 4 | |a 510.711 |b VAL |2 21 |
| 100 | 0 | |a Valenzuela Tapia, Pedro H |e author |9 499188 | |
| 245 | 1 | 0 | |a Fundamentos de matemática universitaria |
| 250 | |a 1a. ed | ||
| 300 | |a 545 p | ||
| 942 | |c BK | ||
| 945 | |d 20060512 00:00:00 |a cmena | ||
| 260 | |a Ciudad de México |b Pearson Educación |c 2006 | ||
| 650 | 0 | |a Educación superior |9 223851 | |
| 650 | 0 | |a Lógica |9 256849 | |
| 650 | 0 | |a Teoría de conjuntos |9 265668 | |
| 650 | 0 | |a Modelos matemáticos |9 259437 | |
| 650 | 0 | |a Polinomios |9 270626 | |
| 650 | 0 | |a Números reales |9 270334 | |
| 650 | 0 | |a Funciones (Matemáticas) |9 338128 | |
| 583 | |a last modification |c 20060512 00:00:00 |k Rodrigo Vera | ||
| 999 | |c 316617 |d 316615 | ||
| 952 | |0 0 |1 0 |4 0 |6 510_711000000000000_VAL_2006 |7 0 |8 A |9 391162 |a BIBMAT |b BIBMAT |d 2019-11-22 |i 4229630 |o 510.711 VAL 2006 |p 4229630 |r 2025-01-07 |w 2019-11-22 |y BK |k MAT | ||
| 952 | |0 0 |1 0 |4 0 |6 510_711000000000000_VAL_2006 |7 0 |8 A |9 391163 |a BIBMAT |b BIBMAT |d 2019-11-22 |i 4229649 |o 510.711 VAL 2006 |p 4229649 |r 2025-01-07 |w 2019-11-22 |y BK |k MAT | ||